|
|
|
|
| LEADER |
00000nab a2200000 a 4500 |
| 001 |
vtls000082703 |
| 003 |
SK-MaSNL |
| 005 |
20260304013229.0 |
| 008 |
220422c1980 xo 0 slo |
| 015 |
|
|
|a SNBRA19rr/mm-uuuuu
|
| 035 |
|
|
|a CL0092805
|
| 040 |
|
|
|a SNKBUCL
|b slo
|c SNKBUCL
|e AACR2
|
| 041 |
0 |
|
|a slo
|
| 044 |
|
|
|a xo
|c SK
|
| 080 |
|
|
|a 633.2/.3
|2 1981
|
| 080 |
|
|
|a 577
|2 1981
|
| 100 |
1 |
|
|a Baran, M.
|4 aut
|9 384620
|
| 245 |
1 |
0 |
|a Štúdium príčin dynamiky obsahu Mn a Zn v sušine silážnej kukurice
|c M. Baran, J. Lazar, J. Kohút
|
| 300 |
|
|
|b Tb. 9. Res. rus., angl.
|
| 650 |
0 |
7 |
|a kukurica na siláž
|2 snkbucl
|9 925333
|
| 650 |
0 |
7 |
|a stopové prvky
|2 snkbucl
|9 29124
|
| 655 |
|
7 |
|a články zo zborníkov
|2 snkbucl
|9 166140
|
| 700 |
1 |
|
|a Lazar, Ján,
|d 1928-1993
|4 aut
|9 222653
|
| 700 |
1 |
|
|a Kohút, J.
|4 aut
|9 575300
|
| 773 |
0 |
|
|t Zborník vedeckých prác Ústavu experimentálnej veterinárnej medicíny v Košiciach
|d Košice : Východoslovenské vydavateľstvo, 1980
|g S. 9-21
|
| 850 |
|
|
|a Slovenská národná knižnica v Martine
|a MTA001
|
| 852 |
|
|
|a SNK
|b KIS3GCP
|
| 958 |
|
|
|a RK
|
| 958 |
|
|
|a ME
|
| 992 |
|
|
|a RZB
|
| 999 |
|
|
|c 2575000
|d 2576930
|